Online Catalogue and eLibrary

Written on the Body (Record no. 3365)

MARC details
000 -LEADER
fixed length control field 00370nam a2200157Ia 4500
005 - DATE AND TIME OF LATEST TRANSACTION
control field 20241217012734.0
008 - FIXED-LENGTH DATA ELEMENTS--GENERAL INFORMATION
fixed length control field 240331s9999 xx 000 0 und d
020 ## - INTERNATIONAL STANDARD BOOK NUMBER
ISBN 0394280148
082 ## - DDC Classification
Item Number - Author Mark JEA
DDC Edition Number 4423
Class No. 823
100 ## - MAIN ENTRY--PERSONAL NAME
Personal name Winterson, J
245 #0 - TITLE STATEMENT
Title Written on the Body
260 ## - PUBLICATION, DISTRIBUTION, ETC.
Place of publication, distribution, etc. Toronto
Name of publisher, distributor, etc. Great Movement Ltd
Date of publication, distribution, etc. 1992
300 ## - PHYSICAL DESCRIPTION
Extent (e.g. Volumes, Pages etc.) 190 p.,
650 ## - SUBJECT ADDED ENTRY--TOPICAL TERM
Topical term or geographic name entry element sex
942 ## - Koha item type (Biblio)
Koha item type Books in Stacks (Lending)
Holdings
Lost status Damaged status Collection code Home library Current library Shelving location Date acquired Full call number Accession Number Item type
    Lending WERC Library WERC Library Social Science Cupboard 03/31/2024 823 WIN 4423 Books in Stacks (Lending)

© WERC Library